000 00516nam a2200169Ia 4500
008 230917s9999||||xx |||||||||||||| ||und||
020 _cRS 1295.00
040 _e5006486
_aMAIN
041 _aEnglish
082 _a371.912 B216H
100 _aBalsara, Maitreya
245 0 _aHearing impairment and deafness: Symptoms, types and prevention strategies
260 _aNew Delhi
_bKanishka Publishers, Distributors
_c2023
300 _a399 p.
500 _a5055 31/01/2023 KPD23/620 01/02/2023 Main Budget
942 _cBK
999 _c8782
_d8782